| 000 | 00583nam a22001937a 4500 | ||
|---|---|---|---|
| 003 | OSt | ||
| 005 | 20260304061559.0 | ||
| 008 | 260304b |||||||| |||| 00| 0 eng d | ||
| 020 | _a9789-7192-73370 | ||
| 040 |
_aDWCL - Main Lib. _cOC |
||
| 082 | _aFil. 158.1 C392b 2018 | ||
| 100 |
_aCelis, Myke _eAuthor |
||
| 245 |
_aBest me ever: _bof moving on and forward / _cMyke Celis |
||
| 260 |
_aParaƱaque City : _bLifebooks, _cc2018. |
||
| 300 |
_a259 pages : _billustrations ; _c17cm. |
||
| 650 | _a1. Personal growth. | ||
| 650 | _a2. Self improvement. | ||
| 942 |
_2ddc _cBK - FIL _n0 |
||
| 999 |
_c8615 _d8615 |
||